| 000 | 00382nam a2200157Ia 4500 | ||
|---|---|---|---|
| 008 | 151213s9999 xx 000 0 und d | ||
| 100 | _aSamul Beckett | ||
| 245 |
_aWaiting for Godot _cSamul Beckett |
||
| 250 | _a1st | ||
| 260 |
_aNew york _bOxford University _c1989 |
||
| 300 | _a2457 p. | ||
| 650 | _aEnglish | ||
| 650 | _aEnglish | ||
| 700 | _aSamul Beckett | ||
| 999 |
_c1700 _d1700 |
||